| 000 | 00544nam a2200145 a 4500 | ||
|---|---|---|---|
| 008 | 120416s2000 ||||||||||||||||| || u | ||
| 020 | _a1928994040 | ||
| 050 | _aQA 76.73.L5 Ega | ||
| 100 | _aEgan, David | ||
| 245 | 1 | 0 | _aDBA's guide to datbases on LINUX including ORACLE and MySQL |
| 260 |
_aRocland, MA _bSngress Media _c2000 |
||
| 300 | _axxxiii, 483p. : ill. | ||
| 350 | _a0.00 | ||
| 995 |
_D0.00 _FCBU-MAIN LIBRARY (Kitwe) _H1 _I59.95 _M1 _UAVAILABLE _ZMain Library Open Access Collection |
||
| 999 |
_c39444 _d39444 |
||